000 01087nam a2200301 4500
001 0000012702
003 CO-CtgCURN
005 20250329191002.0
007 ta
008 160627s1992 000 0 eng d
020 _a9586550834
040 _aCO-CtgCURN
_bspa
_ccoctgcurn
082 0 _a612.39
_bT35
245 0 0 _aTemas sobre alimentacion del niño /
_cOlga Lucia Cardona ... [et al.].
250 _a2a ed.
260 _aMedellin :
_bEditorial Universidad de Antioquia,
_c1992.
300 _a366 p.
336 _2rdacontent
337 _2rdamedia
_asin mediacion
_bn
338 _2rdacarrier
_avolumen
_bnc
500 _aIncluye bibliografias.
505 8 _aMecanismos reguladores de la ingesta de alimentos.--Fundamentos de la alimentacion del niño.--Conducta alimentaria infantil.-- Inapetencia en el niño.--Alimentos del niño de bajo peso.--Diarrea y nutricion
650 1 4 _aNutricion infantil.
700 1 _aCardona, Olga Lucia.
908 _a160627
942 _cBK
_h612.39
_iT35
_2ddc
999 _c10266
_d10266